000 00849nam a2200265Ia 4500
003 OSt
005 20220918170654.0
006 a|||||r|||| 00| 0
007 ta
008 220917b |||||||| |||| 00| 0 eng d
020 _a9780415534482 (pbk)
_c3207.94
024 _a289,738
037 _b1152, 18/03/2016, Bright Book Service
_cTextual
040 _aARTS
_cARTS
_beng
041 _2eng
_aeng
082 _aR:f, Q5
100 _aGregg Stephen E.
_930270
245 0 _aEngaging with living religion
_b A guide to fieldwork in the study of religion
260 _aLondon
_bRoutledge UK
_c2015
300 _aix, 180p.
_ccm.
650 _aPHILOSOPHY
700 _a Scholefield Lynne
_930271
942 _hR:f, Q5
_cTEXL
_2CC
999 _c135078
_d135078